[Event "Hastings7273"]
[Site "Hastings"]
[Date "1972.??.??"]
[Round "7"]
[White "Hartston, William R"]
[Black "Mestel, A Jonathan"]
[Result "1-0"]
[WhiteElo "2420"]
[BlackElo "2200"]

1.e4 e5 2.Nf3 Nc6 3.Bb5 a6 4.Ba4 Nf6 5.O-O Nxe4 6.d4 b5 7.Bb3 d5 8.Nxe5 Nxe5
9.dxe5 Bb7 10.Be3 Bc5 11.Bxc5 Nxc5 12.Qg4 O-O 13.c3 Qd7 14.Qxd7 Nxd7 15.f4 c5
16.Nd2 a5 17.a4 b4 18.c4 dxc4 19.Nxc4 Bd5 20.Rac1 Rfc8 21.Rfd1 Bxc4 22.Bxc4 Nb6
23.Bb5 g6 24.Rd6 Rab8 25.Kf2 Rc7 26.b3 Kf8 27.g4 Rcc8 28.Ke3 Rc7 29.f5 gxf5
30.gxf5 Rcc8 31.h4 Rc7 32.h5 Rcc8 33.h6 Rc7 34.f6 Kg8 35.Rcd1 Rcc8 36.Rg1+ Kh8
37.Rg7 c4 38.Rxf7 Rd8 39.Rxd8+ Rxd8 40.Bxc4  1-0

[Event "Hastings7273"]
[Site "Hastings"]
[Date "1972.??.??"]
[Round "7"]
[White "Eley, Brian"]
[Black "Westerinen, Heikki MJ"]
[Result "1/2-1/2"]
[WhiteElo "2345"]
[BlackElo "2450"]

1.e4 e6 2.d4 d5 3.e5 c5 4.c3 Qb6 5.Bd3 Bd7 6.dxc5 Bxc5 7.Qe2 a5 8.Nd2 a4
9.Ngf3 Ne7 10.b4 axb3 11.Nxb3 Ba3 12.O-O h6 13.Nbd4 O-O 14.Rb1 Qc7 15.Bd2 Ba4
16.Rfe1 Nd7 17.Nb5 Bxb5 18.Rxb5 Nc6 19.Bc2 Rfc8 20.Qd3 Nf8 21.Reb1 Na5 22.Qd4 Qc4
23.Bd3 Bc5 24.Qxc4 Nxc4 25.Bxc4 dxc4 26.Ra1 Rc7 27.a4 b6 28.Be3 Bxe3 29.fxe3 Nd7
30.Nd2 Kf8 31.Rb4 Nxe5 32.Rxb6 Rd7 33.Ne4 Ng4 34.h3 Nxe3 35.a5 Ke7 36.a6 Nd5
37.Rc6 Rc7 38.Rxc7+ Nxc7 39.a7 Kd7 40.Nd2 Nb5 41.Ra5 Kc6 42.Nxc4 Rxa7 43.Ne5+ Kc5
44.Rxa7 Nxa7 45.Nxf7 Nc6 46.Kf2 e5 47.Nh8 Ne7 48.Nf7 Kd5 49.Kf3 Nc6 50.Nh8 Ke6  1/2-1/2

[Event "Hastings7273"]
[Site "Hastings"]
[Date "1972.??.??"]
[Round "7"]
[White "Wade, Robert Graham"]
[Black "Browne, Walter S"]
[Result "1/2-1/2"]
[WhiteElo "2375"]
[BlackElo "2530"]

1.g3 c5 2.Bg2 g6 3.Nf3 Bg7 4.O-O Nc6 5.d3 d5 6.Nbd2 Nf6 7.e4 O-O 8.Re1 e5
9.exd5 Nxd5 10.Nc4 Re8 11.c3 h6 12.a4 Bf5 13.h3 Nb6 14.Nxb6 axb6 15.Bf1 Qd7
16.Kh2 Red8 17.Qb3 Bxd3 18.Qxb6 Bxf1 19.Rxf1 e4 20.Ng1 c4 21.a5 Ra6 22.Qb5 Ne5
23.Qxd7 Rxd7 24.Be3 Rd5 25.Bd4 Raxa5 26.Rxa5 Rxa5 27.Bxe5 Bxe5 28.Re1 f5
29.f4 Bf6 30.Kg2 Ra2 31.Re2 Kf7 32.Rc2 b5 33.Ne2 Ke6 34.Kf2 Ra1 35.Rc1 Ra2
36.Rb1 b4 37.Ke3 Kd5 38.g4 Kc5 39.gxf5 gxf5 40.Ng3 bxc3 41.bxc3 Rc2 42.Nxf5 Rxc3+
43.Kxe4 Rxh3 44.Rb8 c3 45.Ne3 h5 46.Nd5 Bg7 47.Rc8+ Kd6 48.Rd8+ Kc6 49.Rc8+ Kb5
50.Rg8 c2 51.Rc8 Rh2 52.Ne3 h4 53.Rxc2 Rxc2  1/2-1/2

[Event "Hastings7273"]
[Site "Hastings"]
[Date "1972.??.??"]
[Round "8"]
[White "Mestel, A Jonathan"]
[Black "Stean, Michael"]
[Result "1/2-1/2"]
[WhiteElo "2200"]
[BlackElo "2275"]

1.e4 c5 2.Nf3 d6 3.d4 cxd4 4.Nxd4 Nf6 5.Nc3 a6 6.Bc4 e6 7.Bb3 b5 8.Be3 Be7
9.f3 O-O 10.Qd2 Nfd7 11.Nxe6 fxe6 12.Bxe6+ Kh8 13.Bd5 b4 14.Ne2 Ne5 15.Bxa8 Rxf3
16.Bf4 Nbd7 17.Nd4 Bh4+ 18.g3 Bf6 19.O-O-O Qa5 20.Bd5 Rc3 21.Kb1 Bb7 22.Bxb7 Nc4
23.Qc1 Ra3 24.bxa3 Qc5 25.c3 Nxa3+ 26.Ka1 Nb6 27.e5 dxe5 28.Nb3 Qc7 29.Rhe1 g5
30.Bxe5 Bxe5 31.Rxe5 Qxe5 32.Qd2 bxc3 33.Qd8+ Kg7 34.Rd7+ Nxd7 35.Qxd7+ Kf8
36.Qd8+ Kg7 37.Qd7+ Kf8 38.Qd8+ Kg7 39.Qd7+  1/2-1/2

[Event "Hastings7273"]
[Site "Hastings"]
[Date "1972.??.??"]
[Round "8"]
[White "Rajkovic, Dusan"]
[Black "Hartston, William R"]
[Result "1/2-1/2"]
[WhiteElo "2390"]
[BlackElo "2420"]

1.c4 g6 2.e4 e5 3.Nf3 Bg7 4.d4 exd4 5.Nxd4 Nf6 6.Bd3 O-O 7.O-O Re8 8.Re1 d6
9.Nc3 Ng4 10.Nf3 Ne5 11.h3 Be6 12.Nd5 Nbd7 13.Nxe5 dxe5 14.Be3 Bf8 15.Qc2 c6
16.Nc3 Bc5  1/2-1/2

[Event "Hastings7273"]
[Site "Hastings"]
[Date "1972.??.??"]
[Round "8"]
[White "Westerinen, Heikki MJ"]
[Black "Radulov, Ivan"]
[Result "1/2-1/2"]
[WhiteElo "2450"]
[BlackElo "2490"]

1.e4 c5 2.Nf3 Nc6 3.d4 cxd4 4.Nxd4 Nf6 5.Nc3 d6 6.Bc4 Qb6 7.Nb3 e6 8.O-O Be7
9.Kh1 Qc7 10.f4 a6 11.Qe2 O-O 12.Bd2 b5 13.Bd3 Bb7 14.Rae1 Nd7 15.Rf3 g6
16.Rh3 Rfe8 17.Nd1 a5 18.Ne3 a4 19.Nc1 Nc5 20.Ng4 h5 21.Bc3 e5 22.fxe5 Nxe5
23.Nxe5 dxe5 24.Bxb5 Nxe4 25.Re3 f5 26.Bxe8 Rxe8 27.Qb5 Qc6 28.Qxc6 Bxc6
29.Nd3 Bg5 30.Bxe5 Bxe3 31.Rxe3 Bb5 32.Bd4 Rd8 33.Bc3 a3 34.Kg1 Nxc3 35.bxc3 Bc4
36.Re1 Bxa2 37.Ra1 Bc4 38.Ne5 Bd5 39.Nxg6 Be4 40.Rxa3 Rd1+ 41.Kf2 Rd2+ 42.Ke3 Rxg2
43.Nf4 Rxh2 44.Ra7 h4 45.Kd4 Rxc2 46.Ke5 Rxc3 47.Kf6 Rc6+ 48.Kg5  1/2-1/2

[Event "Hastings7273"]
[Site "Hastings"]
[Date "1972.??.??"]
[Round "9"]
[White "Uhlmann, Wolfgang"]
[Black "Hort, Vlastimil"]
[Result "1/2-1/2"]
[WhiteElo "2530"]
[BlackElo "2600"]

1.d4 Nf6 2.c4 e6 3.Nf3 d5 4.Nc3 c5 5.e3 Nc6 6.Be2 dxc4 7.Bxc4 Be7 8.O-O O-O
9.a3 cxd4 10.exd4 b6 11.d5 Na5 12.Ba2 exd5 13.Nxd5 Nxd5 14.Bxd5 Bb7  1/2-1/2

[Event "Hastings7273"]
[Site "Hastings"]
[Date "1972.??.??"]
[Round "9"]
[White "Hartston, William R"]
[Black "Barcza, Gedeon"]
[Result "1-0"]
[WhiteElo "2420"]
[BlackElo "2465"]

1.e4 c6 2.d4 d5 3.Nc3 dxe4 4.Nxe4 Bf5 5.Ng3 Bg6 6.h4 h6 7.Nf3 Nd7 8.h5 Bh7
9.Bd3 Bxd3 10.Qxd3 Qc7 11.Bd2 Ngf6 12.O-O-O O-O-O 13.Ne4 e6 14.g3 Nxe4 15.Qxe4 Bd6
16.c4 c5 17.Kb1 a6 18.Bc3 Rhe8 19.d5 exd5 20.Qxd5 Ne5 21.Rhe1 Nxf3 22.Qxf3 f6
23.Qf5+ Kb8 24.f4 Ka7 25.a3 Qc6 26.Rxe8 Rxe8 27.Qd5 Qxd5 28.Rxd5 Rd8 29.g4 Kb6
30.g5 Be7 31.gxf6 gxf6 32.Rxd8 Bxd8 33.Kc2 Kc6 34.Kd3 f5 35.Bg7 Kd7 36.Bxh6 Ke8
37.Bg5 Bc7 38.Ke3 Kf7 39.Kf3 Bd6 40.Ke3 Kg7 41.Kd3 Bc7 42.b3 Bd6 43.Ke3 Kh7
44.Kf3 Kg7 45.Kg3 Kh7 46.Kf2 Kg7 47.Ke2 Kh7 48.Kd2 Kg7 49.Kc3 Kh7 50.b4 Kg7
51.Kb3 Kh7 52.Ka4 Kg7 53.Ka5 Bc7+ 54.Ka4 Bd6 55.b5 Bc7 56.Kb3 Bd6 57.Kb2 Kh7
58.Kc3 Kg7 59.Kb3 Kh7 60.Ka4 Bc7 61.Kb3 Bd6 62.Kc2 Kg7 63.Kd2 Kh7 64.Ke3 Kg7
65.Kf3 Kh7 66.bxa6 bxa6 67.Kg3 Kg7 68.Kh4 Kh7 69.Bd8 Bxf4 70.Be7 Be3 71.Bg5 Bf2+
72.Kh3 Kg7 73.Kg2 Bd4 74.Kf3 Be5 75.Bf4 Bf6 76.Bd6 Bg5 77.Bxc5 Kh6 78.Bb6 Kxh5
79.c5 Be7 80.Kf4 Kg6 81.Ke5 Bf6+ 82.Ke6 Bd4 83.Ba7 Bxc5 84.Bxc5 a5 85.a4 f4
86.Bb6 f3 87.Bd4 Kg5 88.Kd6 Kf5 89.Kd5 Kf4 90.Kc5 Ke4 91.Kc4 Kf5 92.Kb5 Ke6
93.Kxa5 Kd7 94.Kb6 Kc8 95.Ka7  1-0

[Event "Hastings7273"]
[Site "Hastings"]
[Date "1972.??.??"]
[Round "9"]
[White "Larsen, Bent"]
[Black "Browne, Walter S"]
[Result "1-0"]
[WhiteElo "2625"]
[BlackElo "2530"]

1.d4 Nf6 2.Nf3 c5 3.d5 b5 4.Bg5 d6 5.e3 a6 6.a4 b4 7.Bc4 Nbd7 8.Nbd2 g6 9.e4 Bg7
10.h3 O-O 11.O-O Nb6 12.Re1 a5 13.Bb5 Nfd7 14.Qc1 Ba6 15.Bxa6 Rxa6 16.Nf1 Re8
17.Bh6 e6 18.Bxg7 Kxg7 19.dxe6 Rxe6 20.b3 h6 21.Qd2 Ra8 22.Rad1 Qe7 23.Ng3 Nf6
24.Qd3 Re8 25.Qb5 Qa7 26.Re3 Nbd7 27.Re2 Qc7 28.Qd3 Qc6 29.c4 Qc7 30.h4 Ng4
31.h5 Nde5 32.Nxe5 Nxe5 33.Qe3 Nc6 34.Rd5 Nd4 35.Rd2 Kh7 36.f3 Re5 37.hxg6+ fxg6
38.Ne2 Rxd5 39.cxd5 Nxe2+ 40.Qxe2 Qg7 41.Qa6 Qa1+ 42.Kf2 Qc3 43.Ke2 Qxb3
44.Qxd6 Qc4+ 45.Kf2 Rg8 46.Qc7+ Rg7 47.d6 b3 48.d7 b2 49.Qb8  1-0

[Event "Hastings7273"]
[Site "Hastings"]
[Date "1972.??.??"]
[Round "9"]
[White "Wade, Robert Graham"]
[Black "Westerinen, Heikki MJ"]
[Result "1-0"]
[WhiteElo "2375"]
[BlackElo "2450"]

1.e4 e6 2.d4 d5 3.Nd2 Nf6 4.e5 Nfd7 5.f4 c5 6.c3 Nc6 7.Ndf3 Nb6 8.Bd3 Bd7
9.Ne2 cxd4 10.cxd4 Bb4+ 11.Kf2 Qc7 12.Rf1 f6 13.Kg1 O-O-O 14.a3 Be7 15.b3 Kb8
16.Be3 h6 17.Qd2 Rdg8 18.Rfc1 Na8 19.b4 Qb6 20.Nc3 fxe5 21.fxe5 Qd8 22.Na4 g5
23.Nc5 g4 24.Ne1 Bg5 25.Nc2 b6 26.Na6+ Kb7 27.a4 Bxe3+ 28.Qxe3 Qg5 29.Qxg5 Rxg5
30.Rf1 Rg7 31.Rf6 Nd8 32.b5 Nc7 33.Nxc7 Kxc7 34.Raf1 Be8 35.Rf8 Rgg8 36.Rxg8 Rxg8
37.Rf6 Rh8 38.Kf2 Kd7 39.Ke3 Ke7 40.Nb4 h5 41.Rf1 Nf7 42.Rc1 Kd8 43.Na6 h4
44.Rc7 h3 45.g3 Ng5 46.Rxa7 Nf3 47.a5 bxa5 48.b6 Bc6 49.Bb5  1-0

[Event "Hastings7273"]
[Site "Hastings"]
[Date "1972.??.??"]
[Round "9"]
[White "Stean, Michael"]
[Black "Rajkovic, Dusan"]
[Result "0-1"]
[WhiteElo "2275"]
[BlackElo "2390"]

1.e4 c5 2.Nf3 d6 3.d4 cxd4 4.Nxd4 Nf6 5.Nc3 a6 6.f4 Qc7 7.Bd3 b5 8.O-O Nbd7
9.Nf3 b4 10.Ne2 Bb7 11.Ng3 h5 12.Nh4 e6 13.f5 e5 14.Bg5 Be7 15.Qe2 Nc5 16.Nf3 Qb6
17.Kh1 h4 18.Bxh4 Nfxe4 19.Nxe4 Bxh4 20.Nxc5 Qxc5 21.a3 Bg3 22.h3 a5 23.axb4 axb4
24.Rxa8+ Bxa8 25.Ng5 Rh4 26.f6 gxf6 27.Rxf6 Bf4 28.Ne4 Qe3 29.Nxd6+ Ke7 30.Nf5+ Kxf6
31.Qxe3 Bxe3 32.Nxh4 e4 33.Bc4 Bf2 34.g3 Bxg3 35.Ng2 Be5 36.c3 bxc3 37.bxc3 Bxc3
38.Ne3 Kg6 39.Kg2 f5 40.Nd5 Bd4 41.Ne7+ Kf6 42.Ng8+ Kg5 43.Ne7 Bb7 44.h4+ Kg4
45.Be2+ Kf4 46.Ng6+ Ke3 47.Kf1 f4 48.h5 f3 49.Bc4 Kd2  0-1

[Event "Hastings7273"]
[Site "Hastings"]
[Date "1972.??.??"]
[Round "10"]
[White "Hort, Vlastimil"]
[Black "Larsen, Bent"]
[Result "1/2-1/2"]
[WhiteElo "2600"]
[BlackElo "2625"]

1.c4 Nf6 2.Nc3 e6 3.Nf3 d5 4.d4 Bb4 5.cxd5 exd5 6.Bg5 Qd6 7.Bxf6 Qxf6 8.Qb3 Qd6
9.a3 Bxc3+ 10.Qxc3 O-O 11.e3 Bf5 12.Rc1 c6 13.Qb3 b6 14.Qb4 Qe6 15.Qc3 Rc8
16.Be2 a5 17.O-O Nd7 18.b4 Bg4 19.h3 Bxf3 20.Bxf3 axb4 21.axb4 b5 22.Ra1 Nb6
23.Rxa8 Rxa8 24.Ra1 Rxa1+ 25.Qxa1 g6 26.Qa7 Nc4 27.Qc7 h5 28.Be2 Kg7 29.g4 h4
30.Kf1 Nd2+ 31.Ke1 Ne4 32.Bf3 Qd6 33.Qxd6 Nxd6 34.g5 Kf8 35.Bg4 Ke7 36.f3 Ne8
37.e4 Nd6  1/2-1/2

[Event "Hastings7273"]
[Site "Hastings"]
[Date "1972.??.??"]
[Round "10"]
[White "Hartston, William R"]
[Black "Stean, Michael"]
[Result "1/2-1/2"]
[WhiteElo "2420"]
[BlackElo "2275"]

1.e4 c5 2.Nf3 d6 3.d4 cxd4 4.Nxd4 Nf6 5.Nc3 a6 6.Be3 e5 7.Nb3 Be6 8.Qd2 Nbd7
9.f3 b5 10.g4 Nb6 11.g5 Nfd7 12.a4 b4 13.Nd5 Nxd5 14.exd5 Bf5 15.Qxb4 Bxc2
16.Na5 Nc5 17.Nc6 Qd7 18.Qc3 Qf5 19.Bxc5 dxc5 20.Kd2 Bd6 21.Bc4 O-O 22.Qxc2 Qxf3
23.Rae1 Qf4+ 24.Kd1 Qxg5 25.Rhg1 Qf4 26.Re4 Qf3+ 27.Qe2 Qf5 28.Kc1 f6 29.Bd3 Qh3
30.Reg4 g6 31.Qd2 f5 32.R1g3 Qh5 33.Rg5 Qh4 34.Rxf5 e4 35.Rxf8+ Rxf8 36.Bc4 Bf4
37.Re3 Qg5 38.d6+ Kg7 39.Qc3+ Kh6 40.Kb1 Bxe3 41.d7 Bd4 42.Qh3+ Kg7 43.d8=Q Rxd8
44.Nxd8 Qxd8 45.Bxa6 h5 46.Bc4 Bxb2 47.Kxb2 Qd2+ 48.Kb1 Qd1+ 49.Kb2 Qd2+
50.Kb1  1/2-1/2

[Event "Hastings7273"]
[Site "Hastings"]
[Date "1972.??.??"]
[Round "10"]
[White "Westerinen, Heikki MJ"]
[Black "Uhlmann, Wolfgang"]
[Result "1-0"]
[WhiteElo "2450"]
[BlackElo "2530"]

1.e4 e6 2.d4 d5 3.Nd2 c5 4.Ngf3 Nc6 5.dxc5 Bxc5 6.Bd3 Nf6 7.Qe2 O-O 8.O-O Qc7
9.c3 Ng4 10.Bc2 Bb6 11.h3 Nge5 12.Nxe5 Nxe5 13.Kh1 d4 14.cxd4 Qxc2 15.dxe5 Bd7
16.f4 Rfd8 17.Re1 Bc6 18.Kh2 Rd3 19.Nf1 Qxe2 20.Rxe2 Rd1 21.Ne3 Rd4 22.Ng4 h5
23.Nf2 Rd7 24.a4 Rc8 25.Bd2 a5 26.b4 axb4 27.Bxb4 Rd4 28.Rb2 Rc4 29.Rf1 Bd4
30.Rbb1 Bxa4 31.Bd6 Bc6 32.Rbe1 Rc2 33.Nd3 Bb5 34.Rf3 R2c3 35.Rd1 h4 36.Ne1 Rxf3
37.Nxf3 Bf2 38.Be7 Be2 39.Rb1 Bg3+ 40.Kg1 b5 41.Bxh4 Bxf4 42.Be1 Be3+ 43.Kh2 Rc2
44.Kg3 g5 45.h4 Bf4+ 46.Kg4 Bd3 47.g3 Bxe4 48.gxf4 Rg2+ 49.Kh3 Re2 50.Rb3 Bd5
51.Ra3 gxf4 52.Ba5 Kg7 53.Kg4 Bxf3+ 54.Rxf3 Kh6 55.Kxf4 Kh5 56.Bd8 Rb2 57.Kg3 b4
58.Rxf7 b3 59.Rf1 Rc2 60.Rb1 b2  1-0

[Event "Hastings7273"]
[Site "Hastings"]
[Date "1972.??.??"]
[Round "10"]
[White "Rajkovic, Dusan"]
[Black "Eley, Brian"]
[Result "1/2-1/2"]
[WhiteElo "2390"]
[BlackElo "2345"]

1.d4 Nf6 2.c4 e6 3.g3 c5 4.d5 exd5 5.cxd5 b5 6.Bg2 d6 7.a4 b4 8.Nd2 g6 9.Nc4 Ba6
10.Qd3 Bxc4 11.Qxc4 Bg7 12.Nf3 O-O 13.O-O  1/2-1/2

[Event "Hastings7273"]
[Site "Hastings"]
[Date "1972.??.??"]
[Round "11"]
[White "Smyslov, Vassily"]
[Black "Browne, Walter S"]
[Result "0-1"]
[WhiteElo "2620"]
[BlackElo "2530"]

1.d4 Nf6 2.g3 c5 3.dxc5 Na6 4.Bg2 Nxc5 5.c4 g6 6.Nc3 Bg7 7.Nh3 O-O 8.O-O d6
9.Nf4 a6 10.Be3 Rb8 11.Rc1 Ng4 12.Bd2 b5 13.cxb5 axb5 14.b4 Ne6 15.Nfd5 Ne5
16.Nxb5 Ba6 17.Nbc7 Nxc7 18.Rxc7 e6 19.Ra7 Bb5 20.Nc7 Bc6 21.Qc2 Rb6 22.b5 Qb8
23.Ra3 Bxg2 24.Kxg2 Rc8 25.Rc1 Rxb5 26.Nxb5 Rxc2 27.Rxc2 Qxb5 28.Rc8+ Bf8
29.Raa8 Kg7 30.Bc3 Be7 31.f4 Qxe2+ 32.Kg1 Kh6 33.fxe5 Bg5  0-1

[Event "Hastings7273"]
[Site "Hastings"]
[Date "1972.??.??"]
[Round "11"]
[White "Radulov, Ivan"]
[Black "Rajkovic, Dusan"]
[Result "1/2-1/2"]
[WhiteElo "2490"]
[BlackElo "2390"]

1.e4 c5 2.Nf3 g6 3.d4 Bg7 4.Nc3 cxd4 5.Nxd4 Nc6 6.Be3 Nf6 7.Be2 O-O 8.O-O d5
9.exd5 Nxd5 10.Nxd5 Nxd4 11.Bxd4 Qxd5 12.Bxg7 Qxd1 13.Rfxd1 Kxg7 14.Bf3 Be6
15.b3 Rac8 16.c4 Rc7 17.h3 Bd7 18.Rd2 Bc6 19.Bxc6 bxc6 20.Rad1 h5 21.Kf1 Kf6
22.Ke2 Ke6 23.Rd8 Rxd8 24.Rxd8 Kf5 25.Kd3 e5 26.c5 h4 27.Ke3 g5 28.Kf3 Rb7
29.Rc8 a5 30.Rxc6 Rb5 31.g4+ hxg3 32.fxg3 e4+ 33.Ke3 Ke5 34.Rc8 f5 35.Re8+ Kd5
36.Rg8 Rxc5 37.Rxg5 Rc3+ 38.Kd2 Kd4 39.Rxf5 Rxg3 40.Rxa5 Rg2+ 41.Ke1 Rh2  1/2-1/2

[Event "Hastings7273"]
[Site "Hastings"]
[Date "1972.??.??"]
[Round "11"]
[White "Wade, Robert Graham"]
[Black "Mestel, A Jonathan"]
[Result "1-0"]
[WhiteElo "2375"]
[BlackElo "2200"]

1.d4 Nf6 2.c4 b6 3.Nf3 Bb7 4.g3 Bxf3 5.exf3 d5 6.cxd5 Nxd5 7.Nc3 g6 8.Qb3 e6
9.Nxd5 exd5 10.Bf4 Qe7+ 11.Kd1 Qd7 12.Bxc7 Qxc7 13.Qxd5 Nc6 14.Bb5 Rc8 15.Rc1 Bc5
16.Qxc6+ Qxc6 17.Bxc6+ Rxc6 18.Re1+ Kd7 19.dxc5 bxc5 20.Rc3 Rd8 21.Kc2 Kc7
22.Re7+ Rd7 23.Rxd7+ Kxd7 24.Rd3+ Kc7 25.f4 Rb6 26.Kc3 Rb8 27.h4 h6 28.Re3 Kd6
29.Kc2 Rb7 30.Re8 Kd5 31.h5 Rc7 32.Rh8 gxh5 33.Rxh6 Ke4 34.Rxh5 Kf3 35.Rh7 Re7
36.f5 Kxf2 37.f6 Re2+ 38.Kc3 Re3+ 39.Kc4 Re2 40.Rxf7 Rxb2 41.Rg7  1-0

[Event "Hastings7273"]
[Site "Hastings"]
[Date "1972.??.??"]
[Round "11"]
[White "Stean, Michael"]
[Black "Barcza, Gedeon"]
[Result "0-1"]
[WhiteElo "2275"]
[BlackElo "2465"]

1.e4 c5 2.Nf3 e6 3.d4 cxd4 4.Nxd4 a6 5.Bd3 Qc7 6.O-O b5 7.a4 b4 8.Be3 Bb7
9.Nd2 Nf6 10.f4 d6 11.Qe2 Nbd7 12.f5 e5 13.N4b3 Be7 14.a5 O-O 15.Rae1 d5
16.exd5 Nxd5 17.Ne4 Rfe8 18.Bc1 N5f6 19.g4 Nc5 20.Nbxc5 Bxc5+ 21.Kg2 Rac8
22.g5 Nxe4 23.Bxe4 Bxe4+ 24.Qxe4 Bd4 25.Re2 Qc6 26.Kf3 Qxe4+ 27.Kxe4 Rc5
28.h4 Rxa5 29.h5 Ra1 30.c3 bxc3 31.bxc3 Bxc3 32.Rc2 Ra4+ 33.Kf3 Bd4 34.Re1 Rb4
35.Rc6 Rb6 36.Rc7 a5 37.h6 a4 38.Ke4 Ra6 39.Rf1 a3 40.Bxa3 Rxa3 41.g6 Re3+
42.Kd5 Rd8+  0-1

[Event "Hastings7273"]
[Site "Hastings"]
[Date "1972.??.??"]
[Round "12"]
[White "Rajkovic, Dusan"]
[Black "Wade, Robert Graham"]
[Result "1/2-1/2"]
[WhiteElo "2390"]
[BlackElo "2375"]

1.c4 e6 2.Nc3 d5 3.d4 Nf6 4.cxd5 exd5 5.Bg5 c6 6.Qc2 Be7 7.e3 h6 8.Bxf6 Bxf6
9.Bd3 Nd7 10.Nge2 Be7 11.O-O O-O 12.Rab1 a5 13.Ng3 Nf6 14.Nf5 Bxf5 15.Bxf5 Bd6
16.a3 Qe7 17.Rfc1 Rfe8 18.g3 g6 19.Bd3 h5 20.Re1 h4 21.e4 dxe4 22.Nxe4 hxg3
23.hxg3 Nxe4 24.Rxe4 Qf6 25.Rbe1 Rxe4 26.Rxe4 Rd8 27.Bc4 Kg7 28.Qe2 Rd7 29.a4 Re7  1/2-1/2

[Event "Hastings7273"]
[Site "Hastings"]
[Date "1972.??.??"]
[Round "12"]
[White "Hartston, William R"]
[Black "Radulov, Ivan"]
[Result "1/2-1/2"]
[WhiteElo "2420"]
[BlackElo "2490"]

1.e4 c5 2.Nf3 Nc6 3.d4 cxd4 4.Nxd4 Nf6 5.Nc3 d6 6.Bc4 Qb6 7.Nb3 a6 8.Be3 Qc7
9.f4 e6 10.Bd3 b5 11.Qf3 Bb7 12.O-O Be7 13.a4 b4 14.Nb1 Na5 15.Nxa5 Qxa5
16.Nd2 Qh5 17.Qxh5 Nxh5 18.e5 g5 19.exd6 gxf4 20.Bc5 Bf6 21.Be4 Rc8 22.Bxb7 Rxc5
23.Ne4 Bd4+ 24.Kh1 Ng3+ 25.Nxg3 fxg3 26.Bxa6 Bxb2 27.Rae1 O-O 28.Re3 Rxc2
29.Rxg3+  1/2-1/2

[Event "Hastings7273"]
[Site "Hastings"]
[Date "1972.??.??"]
[Round "12"]
[White "Mestel, A Jonathan"]
[Black "Uhlmann, Wolfgang"]
[Result "0-1"]
[WhiteElo "2200"]
[BlackElo "2530"]

1.e4 e6 2.d4 d5 3.Nd2 c5 4.Ngf3 Nc6 5.exd5 exd5 6.Bb5 Bd6 7.dxc5 Bxc5 8.O-O Ne7
9.c4 O-O 10.Nb3 Bd6 11.Bxc6 bxc6 12.c5 Bb8 13.Bg5 Qc7 14.Nbd4 Ng6 15.Qa4 Bd7
16.Qa6 f6 17.Bd2 Ne5 18.g3 Bc8 19.Qa4 Qd7 20.b4 Qg4 21.Qb3 Ba6 22.Rfe1 Bc7
23.Kg2 Rae8 24.h3 Qh5 25.Bf4 Bb8 26.Rad1 Kh8 27.a4 Bc8 28.Ng1 a6 29.Bxe5 fxe5
30.Nxc6 Be6 31.Nxb8 d4 32.Qb2 Bd5+ 33.Kh2 Rxb8 34.Rd2 Bc6 35.Qb3 Rf6 36.f4 exf4
37.g4 Qh4 38.Rde2 h6 39.Rf1 Qg3+  0-1

[Event "Hastings7273"]
[Site "Hastings"]
[Date "1972.??.??"]
[Round "12"]
[White "Westerinen, Heikki MJ"]
[Black "Tukmakov, Vladimir B"]
[Result "1-0"]
[WhiteElo "2450"]
[BlackElo "2560"]

1.e4 c5 2.Nf3 e6 3.d4 cxd4 4.Nxd4 Nf6 5.Nc3 d6 6.Be2 Be7 7.O-O Nc6 8.Be3 Bd7
9.f4 O-O 10.Nb3 a6 11.a4 Na5 12.e5 Ne8 13.Nxa5 Qxa5 14.Qd2 Rc8 15.Bd4 Bc6
16.Qe3 Nc7 17.Bd3 Nd5 18.Qh3 h6 19.f5 Qb4 20.Ne2 dxe5 21.fxe6 f5 22.c4 exd4
23.cxd5 Bxd5 24.Bxf5 d3 25.Nf4 Qd4+ 26.Kh1 d2 27.Qg4 Rf6 28.Nh5 Qxg4 29.Nxf6+ Bxf6
30.Bxg4 Rc2 31.Rad1 Bb3 32.Rf3 Rxb2 33.e7 Kf7 34.Rxb3 Rxb3 35.Be6+  1-0

[Event "Hastings7273"]
[Site "Hastings"]
[Date "1972.??.??"]
[Round "13"]
[White "Browne, Walter S"]
[Black "Hort, Vlastimil"]
[Result "1/2-1/2"]
[WhiteElo "2530"]
[BlackElo "2600"]

1.e4 e6 2.d4 d5 3.Nd2 c5 4.exd5 exd5 5.Bb5+ Bd7 6.Qe2+ Qe7 7.Bxd7+ Nxd7 8.dxc5 Nxc5
9.Nb3 Qxe2+ 10.Nxe2 Nxb3 11.axb3 Bb4+ 12.Bd2 Bxd2+ 13.Kxd2 Ne7 14.Ra5 a6
15.Rha1 O-O-O 16.Nd4 Rd6 17.b4 Rhd8 18.Re1 R8d7 19.b5 Rb6 20.b3 Kc7 21.bxa6 Rxa6
22.Rxa6 bxa6 23.Nf3 Nc6 24.Re8 Rd8 25.Rxd8 Kxd8 26.Kc3 Ke7 27.Nd4 Nxd4 28.Kxd4 Kd6
29.h4 f6 30.g4 Kc6 31.f4 Kd6 32.b4 Kc6 33.g5 Kd6 34.Kd3 Kc6 35.Kd4 Kd6 36.h5 h6
37.gxh6 gxh6 38.c3 Kc6 39.c4 dxc4 40.Kxc4 f5 41.Kd4 Kd6 42.Kc3 Kc7 43.Kd3 Kd7  1/2-1/2

[Event "Hastings7273"]
[Site "Hastings"]
[Date "1972.??.??"]
[Round "13"]
[White "Wade, Robert Graham"]
[Black "Hartston, William R"]
[Result "0-1"]
[WhiteElo "2375"]
[BlackElo "2420"]

1.d4 Nf6 2.Nc3 c5 3.d5 d6 4.e4 g6 5.Bb5+ Nbd7 6.Nge2 Bg7 7.Ng3 a6 8.Be2 b5
9.O-O h5 10.h4 Ne5 11.Be3 Neg4 12.Bf4 b4 13.Na4 Bd7 14.Nxc5 dxc5 15.f3 Nh6
16.e5 Nfg8 17.Bc4 Nf5 18.Ne4 Bb5 19.b3 Bh6 20.Ng5 Bxc4 21.bxc4 Nxh4 22.e6 Bxg5
23.Bxg5 Nf5 24.Re1 Nf6 25.Qd2 fxe6 26.Rxe6 O-O 27.Rae1 Ra7 28.Qd3 Kg7 29.Bc1 h4
30.Bb2 Rf7 31.R1e5 Qh8 32.Qd2 Qh6 33.Qf2 Nd4 34.Bxd4 cxd4 35.Qxd4 Rc7 36.Re2 Qg5
37.f4 Qg4 38.R2e5 Rd7 39.Re3 Qf5 40.Re2 Rc7 41.Rd2 Kh7 42.Qe5 Qxe5 43.fxe5 Nd7
44.Rc6 Rxc6 45.dxc6 Nb6 46.c5 Na8 47.Rd8 Nc7 48.Rd7 Ne6 49.c7 Rf8 50.Rxe7+ Ng7
51.Rd7 Rc8 52.e6 g5 53.e7 Kg6 54.Kh2 Kf6 55.g3 hxg3+ 56.Kh3 Ke6 57.c6 Kf6
58.Kg2 a5 59.Kh3 a4 60.Kg2 a3 61.Kh3 Ne8 62.Rd8 Rxc7 63.Rxe8 Rxc6 64.Kxg3 Rc3+
65.Kg4 Rxc2 66.Rb8 Rc4+ 67.Kg3 Kxe7 68.Rb6 Kd7 69.Rb5 g4 70.Rd5+ Kc6 71.Rd8 Kc5
72.Rd7 Rd4 73.Rc7+ Kb5  0-1

[Event "Hastings7273"]
[Site "Hastings"]
[Date "1972.??.??"]
[Round "14"]
[White "Eley, Brian"]
[Black "Radulov, Ivan"]
[Result "0-1"]
[WhiteElo "2345"]
[BlackElo "2490"]

1.e4 c5 2.Nf3 Nc6 3.d4 cxd4 4.Nxd4 Nf6 5.Nc3 d6 6.Bg5 Bd7 7.Qd2 a6 8.O-O-O e6
9.f4 b5 10.e5 dxe5 11.Nxc6 Bxc6 12.Qxd8+ Rxd8 13.Rxd8+ Kxd8 14.fxe5 h6 15.Bh4 g5
16.Bg3 Nd7 17.Be2 Bg7 18.Rd1 Ke7 19.Rd6 Rc8 20.Bf3 Bxf3 21.gxf3 Ra8 22.Ne4 Nxe5
23.Rb6 Kf8 24.c3 Nxf3 25.Nc5 h5 26.Bd6+ Kg8 27.Rxa6 Rxa6 28.Nxa6 g4 29.Nc5 h4
30.Kd1 Bf8 31.Bxf8 Kxf8 32.Ke2 Nxh2 33.Kf2 Ke7 34.b3 f5 35.Nd3 Nf3 36.a4 bxa4
37.bxa4 Nd2 38.Kg2 h3+ 39.Kh2 Nc4  0-1

[Event "Hastings7273"]
[Site "Hastings"]
[Date "1972.??.??"]
[Round "14"]
[White "Mestel, A Jonathan"]
[Black "Tukmakov, Vladimir B"]
[Result "1-0"]
[WhiteElo "2200"]
[BlackElo "2560"]

1.e4 d6 2.d4 Nf6 3.Nc3 g6 4.Bg5 Bg7 5.f4 c6 6.Nf3 O-O 7.Qd2 d5 8.Bd3 dxe4
9.Nxe4 Bg4 10.c3 Bxf3 11.gxf3 Qd5 12.f5 Nbd7 13.fxg6 hxg6 14.O-O Rfd8 15.Qe3 Rac8
16.b4 Re8 17.f4 b6 18.f5 gxf5 19.Rxf5 Qxf5 20.Nxf6+ exf6 21.Bxf5 Rxe3 22.Bxe3 Re8
23.Re1 Nf8 24.Bf2 Ne6 25.Bg3 Bf8 26.Kf2 b5 27.Be4 Rc8 28.Bf5 Re8 29.Bh4 Bg7
30.Be4 Rc8 31.Rb1 Nf4 32.Rb3 Nd5 33.Ra3 Bh6 34.Rxa7 Nxc3 35.Bf3 Nd5 36.Bxd5 cxd5
37.Bxf6 Rc4 38.a3 Rc2+ 39.Kg3 Bc1 40.Ra5 Rc3+ 41.Kg4 Bxa3 42.h4 Kh7 43.h5 Rc6
44.Kf5 Bb2 45.Rxb5 Rc2 46.Ke5 Rh2 47.Kxd5 Rxh5+ 48.Kc4 Rh3 49.Rb6 Rf3 50.Be5 f5
51.Rf6 Rc3+ 52.Kb5 Rf3 53.Kc5 Rc3+ 54.Kd5 Rb3 55.Bd6 Rf3 56.Ke5 Re3+ 57.Kd5 Rf3
58.b5 Rb3 59.Kc4 Rc3+ 60.Kb4 Rd3 61.Be5 Bxd4 62.Bxd4 Rxd4+ 63.Kc5 Rf4 64.b6 Kg7
65.Rc6 Rf1 66.b7  1-0

[Event "Hastings7273"]
[Site "Hastings"]
[Date "1972.??.??"]
[Round "14"]
[White "Barcza, Gedeon"]
[Black "Hort, Vlastimil"]
[Result "0-1"]
[WhiteElo "2465"]
[BlackElo "2600"]

1.c4 e5 2.Nc3 Nf6 3.Nf3 Nc6 4.g3 Bc5 5.d3 d6 6.Bg2 O-O 7.O-O Bf5 8.Ne1 Qd7
9.Nd5 Nxd5 10.cxd5 Ne7 11.e4 Bg4 12.Qc2 c6 13.Nf3 cxd5 14.Nxe5 Bxf2+ 15.Rxf2 dxe5
16.exd5 Nxd5 17.Qc4 Be6 18.Qe4 Rfe8 19.Bd2 f6 20.d4 Nb6 21.Qxb7 Qxd4 22.Ba5 Qc5
23.Bxb6 axb6 24.Qxa8 Rxa8 25.Bxa8 f5 26.Rd1 h5 27.a3 e4 28.b4 Qc3 29.Bd5 Bxd5
30.Rxd5 e3 31.Rd8+ Kh7 32.Re2 Qc1+ 33.Kg2 Qc6+ 34.Kg1 Qf3  0-1

[Event "Hastings7273"]
[Site "Hastings"]
[Date "1972.??.??"]
[Round "15"]
[White "Wade, Robert Graham"]
[Black "Eley, Brian"]
[Result "1/2-1/2"]
[WhiteElo "2375"]
[BlackElo "2345"]

1.d4 Nf6 2.Nc3 d5 3.Bg5 Nbd7 4.Nf3 h6 5.Bh4 c6 6.e3 g5 7.Bg3 Bg7 8.Bd3 O-O
9.h4 g4 10.Ne5 Nxe5 11.Bxe5 Nh5 12.Bxg7 Nxg7 13.Qd2 Bf5 14.e4 dxe4 15.Bxe4 Bxe4
16.Nxe4 Qd5 17.Nc3 Qe6+ 18.Qe2 Rad8 19.O-O-O Qxe2 20.Nxe2 Ne6 21.c4 Rd7 22.Rd2 Rfd8
23.Rhd1 Kg7 24.Kc2 Kf6 25.Kc3 Ng7 26.Ng3 Nf5 27.Nh5+ Kg6 28.Nf4+ Kf6 29.Nh5+ Kg6
30.Nf4+ Kf6  1/2-1/2

[Event "Hastings7273"]
[Site "Hastings"]
[Date "1972.??.??"]
[Round "15"]
[White "Smyslov, Vassily"]
[Black "Mestel, A Jonathan"]
[Result "1-0"]
[WhiteElo "2620"]
[BlackElo "2200"]

1.c4 Nf6 2.Nc3 e5 3.Nf3 Nc6 4.g3 Bb4 5.Bg2 O-O 6.O-O Re8 7.Nd5 e4 8.Ne1 d6
9.d3 Bxe1 10.Rxe1 exd3 11.Bg5 dxe2 12.Rxe2 Rxe2 13.Qxe2 Be6 14.Nxf6+ gxf6
15.Bh4 Ne5 16.Bxb7 Bxc4 17.Qh5 Rb8 18.Be4 Ng6 19.b3 Ba6 20.Re1 Rb5 21.Bd5 Kg7
22.a4 Rb4 23.Bxf7 Qd7 24.Bxg6 hxg6 25.Bxf6+ Kxf6 26.Qh8+ Kg5 27.f4+ Kg4 28.Re3 g5
29.Qh6 Rxf4 30.gxf4 Kxf4 31.Kf2 Qc6 32.Qf6+ Kg4 33.Rg3+ Kh4 34.Qxg5+  1-0